01314nam a22002417a 45000010005000000030006000050050017000110080041000280200018000690400029000870500009001160820010001251000015001352450045001502600047001953000047002425050007002895200632002965210028009285210018009566500055009746500043010297086FISKH20250620132215.0250620b cb ||||| |||| 00| 0 eng d a9789814230100 aFISKHbengcFISKHdFISKH aPZ7  a398.2 aAnonymous  aThe Bee and the Dove and other stories / aSelangor : bFuture Ace Publishing,c2004. a18 pages : bcolor illustrations ; c18 cm aJ  aThe Bee and the Dove and Other Stories is a collection of classic Aesop’s fables retold in simple language for young readers. Each story teaches a moral lesson through the actions of animals and nature. In the title story, a bee falls into a stream and is rescued by a kind dove. Later, when a hunter aims to shoot the dove, the bee returns the kindness by stinging the hunter, saving the dove. This fable teaches the importance of kindness and gratitude—that even small creatures can make a big difference. Other stories in the book carry similar moral messages about honesty, friendship, helping others, and being wise.8 a500 bLexile estimate 8 aJ bRaz-Plus  aAesop’s Fables vGratitude xAnimal Stories  aMoral Stories vFriendshipxKindness